000 00531cam a22001814a 4500
020 _a0072422246 (alk. paper)
040 _cDLC
082 0 0 _a658​ HIL 2002 A106 Or.
100 1 _aFolk, Jeannie M.
245 1 0 _aIntroduction to managerial accounting /
260 _aBoston :
_bMcGraw-Hill Irwin,
_cc2002.
300 _axxiv, 613 p. :
_bcol. ill. ;
_c28 cm. +
_e1 CD-ROM (4 3/4 in.)
500 _aIncludes indexes.
650 0 _aManagerial accounting.
700 1 _aGarrison, Ray H.
700 1 _aNoreen, Eric W.
942 _cEK
999 _c16600
_d16600